Vista normal
Vista MARC
Entrada Personal Name
Número de registros utilizados en: 1
001 - CONTROL NUMBER
- control field: 9244
003 - CONTROL NUMBER IDENTIFIER
- control field: DLC
005 - DATE AND TIME OF LATEST TRANSACTION
- control field: 20190425130004.0
008 - FIXED-LENGTH DATA ELEMENTS
- fixed length control field: 830608n| acannaabn |a aaa
010 ## - LIBRARY OF CONGRESS CONTROL NUMBER
- LC control number: 83217970
035 ## - SYSTEM CONTROL NUMBER
- System control number: (OCoLC)oca01025872
040 ## - CATALOGING SOURCE
- Original cataloging agency: DLC
- Language of cataloging: eng
- Transcribing agency: DLC
- Modifying agency: DLC
- Modifying agency: MH-L
- Modifying agency: Mx-PuUPA
100 1# - HEADING--PERSONAL NAME
- Personal name: Rosen, Fred S.,
375 ## - GENDER
- Gender: hombre
400 1# - SEE FROM TRACING--PERSONAL NAME
- Personal name: Rosen, F.
- Fuller form of name: (Fred S.)
670 ## - SOURCE DATA FOUND
- Source citation: Primary immunodeficiency diseases, 1983 (a.e.)
- Information found: CIP t.p. (Fred S. Rosen, M.D., Children's Hosp. Center, Boston, Mass.)
670 ## - SOURCE DATA FOUND
- Source citation: His Dictionary of immunology, c1989:
- Information found: CIP t.p. (Fred S. Rosen) data sheet (b. 5/26/30)
670 ## - SOURCE DATA FOUND
- Source citation: nuc89-95203: Recent advances in primary and acquired immunodeficiencies, c1986
- Information found: (hdg. on MiU rept.: Rosen, F.; usage: F. Rosen)
670 ## - SOURCE DATA FOUND
- Source citation: Harvard University gazette, May 26, 2005:
- Information found: p. 4 (b. in Newark, N.J.; d. May 21 [2005])
670 ## - SOURCE DATA FOUND
- Source citation: Biblioteca del Congreso (Estados Unidos), 25 abril 2019:
- Information found: catálogo electrónico
670 ## - SOURCE DATA FOUND
- Source citation: Estudio de casos clínicos en inmunología, 2000:
- Information found: portada (Fred S. Rosen)
- Uniform Resource Identifier: http://bit.ly/2ZwAp5K